[Event "hola amigo"]
[Site "http://www.queenalice.com/game.php?id=1331185"]
[Date "2014.12.28"]
[Round "-"]
[White "genehefty"]
[Black "carpio1969"]
[Result "1-0"]
[WhiteElo "1207"]
[BlackElo "1249"]

1. d4 Nf6 2. c4 Nc6 3. Nf3 e6 4. g3 d5 5. e3 Ne4 6. a3 Bd6 7. c5 Be7 8. Bd2 a5
9. Qa4 O-O 10. Bg2 Nxd2 11. Nbxd2 f6 12. Nb3 b6 13. Qxc6 Ra6 14. Bf1 Ra7 15. Bh3
a4 16. Bxe6+ Bxe6 17. Qxe6+ Kh8 18. Nh4 axb3 19. Nf5 Bxc5 20. O-O Qe8 21. Qxd5
Qh5 22. dxc5 Qe2 23. Rab1 Re8 24. Qf7 Rg8 25. cxb6 cxb6 26. Qxa7 Qb5 27. Kg2
Qxf5 28. Qxb6 Qd5+ 29. Kg1 h6 30. Rfe1 Rc8 31. e4 Qd2 32. Rbd1 Qc2 33. Rd8+ Kh7
34. Rxc8 Qxc8 35. Qxb3 Kg6 36. h4 Qh3 37. Re3 h5 38. Qd3 f5 39. Rf3 fxe4 40.
Qxe4+ Kh6 41. Rf5 Kg6 42. Rf3+ 1-0

[Event "Challenge"]
[Site "http://www.queenalice.com/game.php?id=1332129"]
[Date "2015.1.2"]
[Round "-"]
[White "genehefty"]
[Black "carpio1969"]
[Result "1-0"]
[WhiteElo "1223"]
[BlackElo "1219"]

1. c4 c5 2. Nc3 Nf6 3. d4 d6 4. e4 e5 5. dxe5 Nfd7 6. exd6 Bxd6 7. Qxd6 Qe7 8.
Qxe7+ Kxe7 9. Bf4 Rd8 10. Nd5+ Kf8 11. Bd6+ Kg8 12. Nc7 Nb6 13. O-O-O a5 14.
Nxa8 Nxa8 15. Bxb8 Rxd1+ 16. Kxd1 Be6 17. Ba7 b6 18. Bd3 a4 19. Nh3 Bxh3 20.
gxh3 1-0

[Event "Challenge"]
[Site "http://www.queenalice.com/game.php?id=1332468"]
[Date "2015.1.3"]
[Round "-"]
[White "dejami"]
[Black "genehefty"]
[Result "1-0"]
[WhiteElo "1665"]
[BlackElo "1308"]

1. e4 c5 2. Bc4 Nf6 3. Qf3 e6 4. e5 Ng8 5. d3 Qc7 6. Nh3 Qxe5+ 7. Kd1 Ne7 8. Ng5
f6 9. Ne4 d5 10. Bf4 dxe4 11. Bxe5 exf3 12. Bg3 fxg2 13. Rg1 e5 14. Rxg2 g6 15.
Nc3 h5 16. f3 Nf5 17. Bf2 Rg8 18. Bxg8 Nd7 19. Nd5 Bd6 20. Rxg6 a5 21. Nxf6+
Nxf6 22. Rxf6 Ra6 23. Bh7 Ne7 24. Rh6 b5 25. Rxh5 Rc6 26. Be4 Rb6 27. Rh8+ Kd7
28. Kd2 Ba6 29. Rg1 b4 30. Rg7 a4 31. Bf5+ Kc6 32. Rh6 Nxf5 33. Rgg6 b3 34. a3
Nxh6 35. Rxh6 Rb5 36. c4 Rb7 37. Rh8 Rd7 38. Ke3 Bf8 39. Rxf8 e4 40. fxe4 1-0

[Event "El cazador trofeo de los hombres"]
[Site "http://www.queenalice.com/game.php?id=1332642"]
[Date "2015.1.4"]
[Round "-"]
[White "carpio1969"]
[Black "genehefty"]
[Result "1-0"]
[WhiteElo "1194"]
[BlackElo "1249"]

1. d4 b5 2. e4 g6 3. Nc3 b4 4. Na4 Nf6 5. Bd2 e6 6. Bd3 Nc6 7. c3 Rb8 8. Nf3 d5
9. e5 Nd7 10. O-O a5 11. Rc1 b3 12. a3 Nb6 13. Nxb6 cxb6 14. Bb5 Qc7 15. c4 dxc4
16. Rxc4 Bd7 17. Qxb3 Rb7 18. Rfc1 a4 19. Qc3 Nxd4 20. Rxc7 Ne2+ 21. Bxe2 Rxc7
22. Qxc7 Be7 23. Qxb6 O-O 24. Qb7 1-0

[Event "uno"]
[Site "http://www.queenalice.com/game.php?id=1333622"]
[Date "2015.1.8"]
[Round "-"]
[White "genehefty"]
[Black "joshaKarpio"]
[Result "0-1"]
[WhiteElo "1249"]
[BlackElo "1544"]

1. d4 e6 2. c4 c6 3. e4 Na6 4. Bd2 h5 5. Nf3 f6 6. Be2 g5 7. Bc3 Ne7 8. Nfd2 g4
9. d5 d6 10. Bxf6 Rg8 11. f3 e5 12. dxc6 bxc6 13. Nb3 Rg6 14. Bh4 c5 15. O-O Be6
16. Nc1 Nb4 17. Qd2 Bh6 18. Qd1 Qd7 19. a4 a5 20. Nc3 Nec6 21. Nb5 Nd4 22. Nd3
Nbc2 23. Ra2 Ne3 24. Nxe5 dxe5 25. Qd3 Bxc4 26. Qa3 Nxe2+ 27. Kh1 Nxf1 28. Nc3
Be3 29. Ra1 Nc1 30. b3 gxf3 31. Bg3 Qd2 32. Ra2 fxg2# 0-1

[Event "dos"]
[Site "http://www.queenalice.com/game.php?id=1333624"]
[Date "2015.1.8"]
[Round "-"]
[White "genehefty"]
[Black "joshaKarpio"]
[Result "1-0"]
[WhiteElo "1273"]
[BlackElo "1520"]

1. d4 d5 2. g3 c6 3. e4 h6 4. f4 dxe4 5. Be3 h5 6. Nc3 f5 7. Nh3 Nf6 8. Ng5 Ng4
9. Qd2 a5 10. Bc4 Qd6 11. Nf7 Kd7 12. Nxh8 Nh6 13. Qe2 g6 14. O-O-O Ke8 15. d5
a4 16. dxc6 Qxc6 17. Bb5 Qxb5 18. Qxb5+ Nc6 19. Nd5 Kd7 20. Nb6+ Ke6 21. Qd5+
Kf6 22. Bd2 Be6 23. Bc3+ 1-0

[Event "night watch"]
[Site "http://www.queenalice.com/game.php?id=1333626"]
[Date "2015.1.8"]
[Round "-"]
[White "joshaKarpio"]
[Black "genehefty"]
[Result "1-0"]
[WhiteElo "1488"]
[BlackElo "1335"]

1. e4 e5 2. Nf3 Nf6 3. Qe2 Nc6 4. c3 d6 5. b4 Be7 6. h3 O-O 7. g4 b6 8. g5 Nh5
9. d4 Nf4 10. Qc4 Bb7 11. d5 Nb8 12. h4 Ba6 13. b5 Bc8 14. h5 Bxg5 15. Nxg5 Qxg5
16. Bxf4 exf4 17. Nd2 Bg4 18. Qxc7 Nd7 19. f3 Bxh5 20. Qxd7 Rae8 21. O-O-O Qf6
22. Kc2 Qg6 23. Bd3 Qg2 24. Rxh5 Rd8 25. Qe7 g6 26. Rh6 Rc8 27. c4 Rce8 28. Qh4
Qg3 29. Qh1 f5 30. Rxh7 fxe4 31. fxe4 f3 32. Qh6 Qe5 33. Rg1 Qf6 34. Rxg6+ Qg7
35. Qxg7# 1-0

[Event "DOUGLAS VII"]
[Site "http://www.queenalice.com/game.php?id=1337509"]
[Date "2015.1.27"]
[Round "-"]
[White "rogeriooliveira"]
[Black "genehefty"]
[Result "1-0"]
[WhiteElo "1324"]
[BlackElo "1271"]

1. e4 Nf6 2. e5 Nd5 3. c4 Nf4 4. g3 Ne6 5. Nf3 c5 6. Nc3 Nc6 7. Bd3 g6 8. O-O
Qc7 9. Qe2 Bg7 10. Re1 d6 11. exd6 Qxd6 12. Ne4 Qd7 13. Nc3 Nb4 14. a3 Nc6 15.
Nh4 Ncd8 16. Nf3 O-O 17. Be4 Nc6 18. Bxc6 Qxc6 19. b3 Nd4 20. Qf1 1-0

[Event "DOUGLAS VIII"]
[Site "http://www.queenalice.com/game.php?id=1337510"]
[Date "2015.1.27"]
[Round "-"]
[White "rogeriooliveira"]
[Black "genehefty"]
[Result "1-0"]
[WhiteElo "1456"]
[BlackElo "1230"]

1. e4 Nc6 2. d4 g6 3. d5 Ne5 4. Nf3 f6 5. Nxe5 fxe5 6. Bg5 Bh6 7. Bxh6 Nf6 8.
Nc3 a6 9. Bc4 d6 10. O-O Ng4 11. Be3 c6 12. dxc6 bxc6 13. f3 Nxe3 14. Qe1 Nxc4
15. b3 Na3 16. Rc1 Be6 17. Rd1 Nxc2 18. Qe2 Nd4 19. Qf2 O-O 20. g3 Qb6 21. Qg2
Nxf3+ 22. Kh1 1-0

[Event "FERNANDO IX"]
[Site "http://www.queenalice.com/game.php?id=1337867"]
[Date "2015.1.29"]
[Round "-"]
[White "rogeriooliveira"]
[Black "genehefty"]
[Result "1-0"]
[WhiteElo "1438"]
[BlackElo "1238"]

1. e4 d5 2. e5 e6 3. Nf3 Bc5 4. d3 Nc6 5. Be3 d4 6. Bd2 b6 7. Na3 Nge7 8. Be2
O-O 9. O-O Ng6 10. c3 Nh4 11. cxd4 Nxf3+ 12. Bxf3 Bb7 13. Re1 Bxd4 14. Be3 Bxe5
15. Re2 Qe7 16. Rb1 f5 17. Bd2 Rab8 18. Bc3 Bd4 19. Bxd4 Nxd4 20. Re3 Qg5 21. g3
Bxf3 22. Qe1 Bh5 23. Nc4 1-0

[Event "FERNANDO XIII"]
[Site "http://www.queenalice.com/game.php?id=1337871"]
[Date "2015.1.29"]
[Round "-"]
[White "rogeriooliveira"]
[Black "genehefty"]
[Result "1-0"]
[WhiteElo "1426"]
[BlackElo "1218"]

1. e4 c5 2. d4 Nc6 3. dxc5 e5 4. Nf3 Be7 5. Nc3 Qa5 6. Be3 Bxc5 7. Bxc5 Qxc5 8.
Qd3 Nb4 9. Qd2 d6 10. a3 Qa5 11. Qc1 Na6 12. Qd2 Nb4 13. Qd1 Nf6 14. axb4 Qxb4
15. Qd2 O-O 16. b3 Be6 17. Rd1 Rad8 18. Bd3 a6 19. O-O Bg4 20. h3 Bxf3 21. gxf3
Rd7 22. f4 exf4 23. f3 Nh5 24. Be2 b5 25. Nd5 Qc5+ 26. Kh2 Ng3 27. Nxf4 Nxf1+
28. Rxf1 Qe5 29. Rg1 g5 30. Kg3 f6 31. Kf2 Rg7 32. Rg2 Qc5+ 33. Kg3 Kh8 34. Nh5
1-0

[Event "FERNANDO XLII"]
[Site "http://www.queenalice.com/game.php?id=1337904"]
[Date "2015.1.29"]
[Round "-"]
[White "rogeriooliveira"]
[Black "genehefty"]
[Result "1-0"]
[WhiteElo "1410"]
[BlackElo "1257"]

1. e4 e5 2. Nf3 Nf6 3. Nc3 Nc6 4. Bb5 a6 5. Bxc6 bxc6 6. O-O d5 7. Re1 Bg4 8.
Re2 d4 9. Na4 Bxf3 10. gxf3 g6 11. c3 d3 12. Re1 c5 13. c4 Bg7 14. Re3 O-O 15.
Qe1 Bh6 16. f4 Bxf4 17. Rf3 Qc8 18. Kh1 Ng4 19. Qf1 Nxh2 20. Qg2 Nxf3 21. b3 Nh4
22. Qh3 1-0

[Event "LUAN VI"]
[Site "http://www.queenalice.com/game.php?id=1339526"]
[Date "2015.2.5"]
[Round "-"]
[White "rogeriooliveira"]
[Black "genehefty"]
[Result "1-0"]
[WhiteElo "1215"]
[BlackElo "1290"]

1. e4 e5 2. Nf3 Nf6 3. Nc3 c6 4. Bc4 b5 5. O-O bxc4 6. b3 d5 7. exd5 Bd6 8. Re1
Nbd7 9. dxc6 Nc5 10. b4 Ne6 11. b5 Ng4 12. Re2 O-O 13. Qe1 f5 14. d3 e4 15. dxe4
fxe4 16. Rxe4 Qf6 17. g3 1-0

[Event "LUAN IX"]
[Site "http://www.queenalice.com/game.php?id=1339529"]
[Date "2015.2.5"]
[Round "-"]
[White "rogeriooliveira"]
[Black "genehefty"]
[Result "1-0"]
[WhiteElo "1356"]
[BlackElo "1304"]

1. e4 e5 2. Nf3 Bd6 3. Nc3 Nf6 4. Bc4 c5 5. O-O O-O 6. d3 h6 7. Be3 b6 8. Re1 a6
9. Re2 Bb7 10. Qe1 b5 11. Bb3 b4 12. Nb1 Nc6 13. Nbd2 Na5 14. Rd1 1-0

[Event "LUAN LXIV"]
[Site "http://www.queenalice.com/game.php?id=1339629"]
[Date "2015.2.5"]
[Round "-"]
[White "rogeriooliveira"]
[Black "genehefty"]
[Result "1-0"]
[WhiteElo "1429"]
[BlackElo "1247"]

1. e4 g6 2. Nf3 d5 3. exd5 Qxd5 4. Nc3 Qe6+ 5. Qe2 Qxe2+ 6. Kxe2 Bg4 7. d4 Nf6
8. Bg5 Bxf3+ 9. Kxf3 Bg7 10. Bxf6 Bxf6 11. Bb5+ Nd7 12. Bxd7+ Kxd7 13. Rhe1 c6
14. Re4 h5 15. Rae1 g5 16. g3 g4+ 17. Kg2 1-0

[Event "Challenge"]
[Site "http://www.queenalice.com/game.php?id=1346896"]
[Date "2015.3.11"]
[Round "-"]
[White "Sergio50"]
[Black "genehefty"]
[Result "1-0"]
[WhiteElo "1408"]
[BlackElo "1320"]

1. Nh3 d5 2. e3 e5 3. d4 Bd6 4. Nc3 Qe7 5. Nxd5 Qd7 6. c3 Nf6 7. Nxf6+ gxf6 8.
dxe5 Bxe5 9. Qb3 Qd6 10. g3 Na6 11. Bc4 Be6 12. Nf4 Bxf4 13. exf4 O-O-O 14. O-O
Nc5 15. Qb4 Rhe8 16. Be3 Qc6 17. Bxc5 Bh3 18. f3 Re2 19. Bxe2 Bxf1 20. Kxf1 h5
21. Be7 Re8 22. Qe4 Qxe4 23. fxe4 Rxe7 24. Bxh5 b5 25. Bg4+ Kb7 26. Re1 c5 27.
e5 1-0

[Event "Chaco tako"]
[Site "http://www.queenalice.com/game.php?id=1392547"]
[Date "2015.11.5"]
[Round "-"]
[White "genehefty"]
[Black "carpio1969"]
[Result "0-1"]
[WhiteElo "1223"]
[BlackElo "1560"]

1. d4 d5 2. c4 dxc4 3. e4 e6 4. Bxc4 Qd6 5. Nf3 Qc6 6. Qd3 Na6 7. Ne5 Qd6 8. Bf4
Qb4+ 9. Qc3 Nf6 10. Nd2 Bd6 11. a3 Qxc3 12. bxc3 Bxe5 13. dxe5 Nd7 14. O-O O-O
15. Nb3 Ndc5 16. Rfe1 f6 17. Nd4 fxe5 18. Bxe5 Bd7 19. f4 Bc6 20. Nxc6 bxc6 21.
f5 Rae8 22. Ra2 Kh8 23. g4 exf5 24. gxf5 Nb8 25. Bd6 cxd6 26. Rae2 Nbd7 27. h4
Ne5 28. Be6 Nf3+ 29. Kf2 Nxe1 30. Kxe1 Nxe6 31. fxe6 Rxe6 32. Kd2 h6 33. c4 h5
34. Kd3 Rf4 35. Re3 Rxh4 36. a4 Rh1 37. Kd4 Ra1 38. e5 dxe5+ 39. Rxe5 Rxe5 40.
Kxe5 Rd1 41. Ke6 h4 42. Kf5 h3 0-1

[Event "Challenge"]
[Site "http://www.queenalice.com/game.php?id=1392548"]
[Date "2015.11.5"]
[Round "-"]
[White "carpio1969"]
[Black "genehefty"]
[Result "1-0"]
[WhiteElo "1559"]
[BlackElo "1220"]

1. c4 e5 2. Nc3 Bc5 3. Nf3 Nc6 4. e4 Nf6 5. Bd3 Ng4 6. Qe2 Nxf2 7. Rf1 Ng4 8.
Kd1 O-O 9. a3 a6 10. b4 Ba7 11. c5 b5 12. g3 d6 13. h3 Nh6 14. Qe3 f6 15. Bb2 g5
16. Nd5 Bxh3 17. Rh1 Ng4 18. Qe1 Bg2 19. Rg1 Bxf3+ 20. Be2 Bxe2+ 21. Qxe2 Qd7
22. Kc2 Rae8 23. Ne3 h5 24. Nxg4 Qxg4 25. Qxg4 hxg4 26. Rg2 dxc5 27. Rh2 cxb4
28. axb4 a5 29. bxa5 b4 30. Rah1 Kf7 31. Rh7+ Ke6 32. Rxc7 Bd4 33. Rxc6+ Kd7 34.
Rc4 Rb8 35. Kb3 Bxb2 36. Kxb2 b3 37. Rhc1 Rfc8 38. a6 Rxc4 39. Rxc4 Kd6 40. Rc3
Ra8 41. Rxb3 Rxa6 42. Rd3+ Kc5 43. Kc3 Ra4 44. Rd5+ Kc6 45. Kb3 Rxe4 46. Rd8 Kc5
47. Rf8 1-0